Phase 5 Marvel Heroes by Picture - Statistics

General Stats
  • This quiz has been taken 37 times
  • The average score is 14 of 20
Answer Stats
Picture Answer % Correct
Captain America (Sam Wilson)
100%
Deadpool
100%
Wolverine
100%
Daredevil
95%
Punisher
95%
Red Hulk
95%
Ironheart
86%
Adam Warlock
84%
Ghost
78%
Sentry
78%
Cosmo the Spacedog
65%
Echo
65%
Falcon (Joaquin Torres)
65%
Kraglin
57%
White Tiger
54%
Cassie Lang
51%
Agatha Harkness
38%
Kahhori
32%
Starhawk
27%
Sabra
24%
No matching quizzes found
Score Distribution
Percent of People with Each Score
Percentile by Number Answered
Your Score History
You have not taken this quiz